00693nam a2200181 i 450000100060000000300090000600500170001500700030003200800410003510000270007624501210010326000340022430000220025871000600028085200320034099900170037295201220038975510ES-MaACL20230906172503.0t|040924s1970 sp ||||1| spa d1 aGrelot, Pierre.95993513aEl problema del pecado original / cPierre Grelot ; [versión de la Comunidad Religiosa de San Benito (Monserrat)]. aBarcelona : bHerder, c1970. a167 p. ; c20 cm.2 aComunidad Religiosa del Monasterio de San Benito.93137 aES-MaACLjC-44265 bR.73027 c75510d75510 00104070aATENEOMbATENEOMcDEPO2d2008-01-17eSCl0oC-44265p1079035r2023-02-23 00:00:00w2023-02-23yMONOGRAFIA